Bào chế và sinh dược học Dùng cho đào tạo dược sĩ đại học T.2
Trình bày về các dạng thuốc thuộc hệ phân tán dị thể, một vài dạng thuốc đặc biệt với hệ thống trị liệu, hình thức tương kị, cách khắc phục trong pha chế và kĩ thuật bào chế các dạng thuốc trên
Wedi'i Gadw mewn:
| Awduron Eraill: | , , , , |
|---|---|
| Fformat: | Llyfr |
| Iaith: | Vietnamese |
| Cyhoeddwyd: |
H.
Giáo dục
2010
|
| Rhifyn: | Tái bản lần thứ 1 |
| Pynciau: | |
| Tagiau: |
Ychwanegu Tag
Dim Tagiau, Byddwch y cyntaf i dagio'r cofnod hwn!
|
| Thư viện lưu trữ: | Mạng thư viện Đại học Đà Nẵng |
|---|
| LEADER | 01617aam a22004098a 4500 | ||
|---|---|---|---|
| 001 | 000010082 | ||
| 003 | 6282 | ||
| 005 | 20111110141145.0 | ||
| 008 | 111110s2010 viesd | ||
| 020 | |c 95000đ |d 1000b | ||
| 041 | 0 | |a vie | |
| 082 | 1 | 4 | |2 14 |a 615 |b B108C |
| 245 | 0 | 0 | |a Bào chế và sinh dược học |b Dùng cho đào tạo dược sĩ đại học |c B.s.: Lê Quan Nghiệm, Huỳnh Văn Hoá (ch.b.), Lê Văn Lăng... |n T.2 |
| 250 | |a Tái bản lần thứ 1 | ||
| 260 | |a H. |b Giáo dục |c 2010 | ||
| 300 | |a 443tr. |b minh hoạ |c 27cm | ||
| 500 | |a ĐTTS ghi: Bộ Y tế | ||
| 504 | |a Thư mục: tr. 440 | ||
| 520 | |a Trình bày về các dạng thuốc thuộc hệ phân tán dị thể, một vài dạng thuốc đặc biệt với hệ thống trị liệu, hình thức tương kị, cách khắc phục trong pha chế và kĩ thuật bào chế các dạng thuốc trên | ||
| 650 | 7 | |2 Bộ TK TVQG |a Sinh dược học | |
| 650 | 7 | |2 Bộ TK TVQG |a Dược phẩm | |
| 650 | 7 | |2 Bộ TK TVQG |a Bào chế | |
| 655 | 7 | |2 Bộ TK TVQG |a Giáo trình | |
| 700 | 1 | |a Lê Quan Nghiệm |e ch.b. | |
| 700 | 1 | |a Huỳnh Văn Hoá |e ch.b. | |
| 700 | 1 | |a Lê Văn Lăng |e b.s. | |
| 700 | 1 | |a Lê Hậu |e b.s. | |
| 700 | 1 | |a Lê Thị Thu Vân |e b.s. | |
| 773 | |b Tái bản lần thứ 1 |d 2010 |d H. |d Giáo dục |n ĐTTS ghi: Bộ Y tế |t Bào chế và sinh dược học |w 451560 | ||
| OWN | |a LSP | ||
| 999 | |a From the UDN01 | ||
| TYP | |a Monograph | ||
| TYP | |a Printed language | ||
| 980 | |a Mạng thư viện Đại học Đà Nẵng | ||